| 000 | 00840nam a2200241 i 4500 | ||
|---|---|---|---|
| 001 | 15740 | ||
| 003 | ES-MaACL | ||
| 005 | 20230906151137.0 | ||
| 007 | t| | ||
| 008 | 000505s1998 sp b |||| | spa j | ||
| 020 | _a84-87136-81-8 | ||
| 080 | _a811.134.2'282(460.288 Casas-Ibáñez) | ||
| 100 | 1 |
_aGarcía Payer, María Josefa. _955086 |
|
| 245 | 1 | 0 |
_aAproximación dialectal al castellano hablado en la comarca de Casas-Ibáñez / _cMª Josefa García Payer. |
| 260 |
_aAlbacete : _bInstituto de Estudios Albacetenses, _c1998. |
||
| 300 |
_a283 p : _bmapas ; _c22 cm. |
||
| 490 | 1 |
_aSerie I--Estudios ; _vn. 88 |
|
| 650 | 1 | 4 |
_aLengua española- _zCasas-Ibáñez. _914130 |
| 710 | 2 |
_aInstituto de Estudios Albacetenses. _94884 |
|
| 830 | 0 |
_aSerie I--Estudios ; _vn. 88 _9179228 |
|
| 852 |
_aES-MaACL _jL-23034 |
||
| 999 |
_c15740 _d15740 |
||